[Event "Politiken Cup"]
[Site "Copenhagen"]
[Date "2006.07.30"]
[Round "9.31"]
[White "Royset, Paal"]
[Black "Dawson, Jeffery R"]
[Result "1-0"]
[WhiteElo "2228"]
[BlackElo "2009"]
[PlyCount "67"]
[EventDate "2006.??.??"]

1. e4 e6 2. d4 d5 3. Nc3 Nf6 4. e5 Nfd7 5. f4 c5 6. Nf3 Nc6 7. Be3 Qb6 8. Na4
Qa5+ 9. c3 cxd4 10. b4 Qc7 11. Nxd4 Nxd4 12. Bxd4 Be7 13. Bd3 b6 14. O-O Bb7
15. Qh5 g6 16. Qe2 Rg8 17. Nb2 a5 18. a3 Nb8 19. Na4 Nd7 20. Qe3 Bd8 21. Qh3 h5
22. f5 Nxe5 23. fxe6 f6 24. Nxb6 Rb8 25. Nd7 Nxd7 26. exd7+ Kf7 27. Rae1 Qd6
28. Be5 Qb6+ 29. Kh1 Ra8 30. Bd4 Qd6 31. Re8 f5 32. Bxf5 gxf5 33. Rxf5+ Kg6 34.
Qxh5# 1-0

[Event "Politiken Cup"]
[Site "Copenhagen"]
[Date "2006.07.30"]
[Round "9.32"]
[White "Jaeger, Frode Bull"]
[Black "Willumsen, Henrik"]
[Result "0-1"]
[WhiteElo "2104"]
[BlackElo "2227"]
[PlyCount "60"]
[EventDate "2006.??.??"]

1. d4 d5 2. c4 c6 3. Nc3 Nf6 4. Nf3 e6 5. Bg5 dxc4 6. e4 b5 7. e5 h6 8. Bh4 g5
9. Nxg5 hxg5 10. Bxg5 Nbd7 11. exf6 Bb7 12. g3 c5 13. d5 Qb6 14. Bg2 O-O-O 15.
O-O b4 16. Rb1 Qa6 17. dxe6 Bxg2 18. e7 Ba8 19. Re1 Bh6 20. Bxh6 bxc3 21.
exd8=Q+ Rxd8 22. bxc3 Qc6 23. f3 Nxf6 24. Rb8+ Kxb8 25. Qxd8+ Kb7 26. Bg7 Nd5
27. Re8 Nb6 28. Re7+ Ka6 29. Qb8 Nd7 30. Rxf7 Nxb8 0-1

[Event "Politiken Cup"]
[Site "Copenhagen"]
[Date "2006.07.30"]
[Round "9.33"]
[White "Molvig, Henrik"]
[Black "Sande, Odmund"]
[Result "1-0"]
[WhiteElo "2218"]
[BlackElo "1825"]
[PlyCount "71"]
[EventDate "2006.??.??"]

1. d4 Nf6 2. c4 c5 3. d5 b5 4. cxb5 a6 5. b6 Qxb6 6. Nc3 d6 7. a4 a5 8. e4 g6
9. Bb5+ Bd7 10. f4 Bxb5 11. axb5 Nbd7 12. Qe2 Qb7 13. Nf3 Nb6 14. O-O Bg7 15.
Ra2 O-O 16. Bd2 Rfb8 17. Rfa1 a4 18. Kh1 h6 19. Be3 Nfd7 20. Rd1 Ra5 21. e5
dxe5 22. fxe5 Nxe5 23. Nxe5 Bxe5 24. Bxc5 Qc7 25. Ne4 Kg7 26. b4 Raa8 27. d6
exd6 28. Nxd6 Nd7 29. Qe4 f6 30. Rad2 Nxc5 31. bxc5 Qxc5 32. Nf5+ gxf5 33. Qxf5
Ra7 34. Qg4+ Kf7 35. Rd7+ Rxd7 36. Rxd7+ 1-0

[Event "Politiken Cup"]
[Site "Copenhagen"]
[Date "2006.07.30"]
[Round "9.34"]
[White "Christensen, Janus"]
[Black "Muratet Casadevall, Albert"]
[Result "0-1"]
[WhiteElo "2100"]
[BlackElo "2216"]
[PlyCount "102"]
[EventDate "2006.??.??"]

1. e4 c5 2. c3 Nf6 3. e5 Nd5 4. d4 cxd4 5. cxd4 d6 6. f4 dxe5 7. fxe5 g6 8. Nc3
Bg7 9. Bc4 Nb6 10. Nf3 O-O 11. Bb3 Nc6 12. O-O Bg4 13. Be3 Na5 14. h3 Nxb3 15.
axb3 Be6 16. Ng5 Bd5 17. Nge4 Bxe4 18. Nxe4 Nd5 19. Bd2 a5 20. Qf3 Nb4 21. Bc3
Qd5 22. Nc5 b6 23. Ne4 Rad8 24. Rad1 Qxb3 25. Qe2 Nc6 26. h4 Qd5 27. h5 b5 28.
hxg6 fxg6 29. Qg4 Rxf1+ 30. Rxf1 b4 31. Be1 Qxd4+ 32. Bf2 Qxe5 33. Bb6 Rf8 34.
Rc1 Qd5 35. Rd1 Qf5 36. Qe2 Ne5 37. Bxa5 Nf3+ 38. gxf3 Qxa5 39. Qc4+ Kh8 40.
Qe6 Qf5 41. Qxe7 Qxf3 42. Rd2 Qf1+ 43. Kh2 Qf4+ 44. Kg2 Be5 45. Nf2 Rf7 46.
Qd8+ Kg7 47. Qd5 Qh2+ 48. Kf1 Bg3 49. Qd4+ Kh6 50. Qe3+ g5 51. Qe6+ Kg7 0-1

[Event "Politiken Cup"]
[Site "Copenhagen"]
[Date "2006.07.30"]
[Round "9.35"]
[White "Asbjornsson, Ingvar"]
[Black "Wiwe, Andreas"]
[Result "1/2-1/2"]
[WhiteElo "2007"]
[BlackElo "2215"]
[PlyCount "78"]
[EventDate "2006.??.??"]

1. d4 f5 2. g3 Nf6 3. Bg2 g6 4. Nf3 Bg7 5. c4 O-O 6. O-O d6 7. Nc3 Qe8 8. d5 a5
9. e4 fxe4 10. Ng5 h6 11. Ngxe4 Nxe4 12. Nxe4 Nd7 13. Be3 Qf7 14. Qd2 Kh7 15.
f4 Nf6 16. Ng5+ hxg5 17. fxg5 b6 18. Rae1 Bd7 19. Qd4 Kg8 20. Qd1 Bh8 21. Bd4
Qh7 22. gxf6 exf6 23. Re3 f5 24. Rfe1 Rae8 25. Rxe8 Rxe8 26. Rxe8+ Bxe8 27. h3
Bxd4+ 28. Qxd4 Qg7 29. Qc3 Qxc3 30. bxc3 Kg7 31. Kf2 Kf6 32. Ke3 Ke5 33. h4 Ba4
34. a3 Be8 35. Bf3 Bd7 36. Bg2 b5 37. Bf1 bxc4 38. Bxc4 Be8 39. Ba2 Bf7 1/2-1/2

[Event "Politiken Cup"]
[Site "Copenhagen"]
[Date "2006.07.30"]
[Round "9.36"]
[White "Nielsen, Thomas"]
[Black "Schultz-Pedersen, Jesper"]
[Result "0-1"]
[WhiteElo "1956"]
[BlackElo "2203"]
[PlyCount "120"]
[EventDate "2006.??.??"]

1. d4 d5 2. c4 Nc6 3. Nf3 Bg4 4. Bf4 e6 5. e3 Nf6 6. Nc3 a6 7. cxd5 Nxd5 8.
Nxd5 Qxd5 9. a3 Bd6 10. Bxd6 cxd6 11. Be2 O-O 12. h3 Bh5 13. O-O Rfc8 14. b4
Na7 15. Qd2 h6 16. Rfc1 Qb3 17. Bd1 Rxc1 18. Qxc1 Qd5 19. Qb2 Rc8 20. Rc1 Bg6
21. Rxc8+ Nxc8 22. Nd2 Qc6 23. Bf3 d5 24. Bd1 Nd6 25. Nb3 Bd3 26. Nc5 Bc4 27.
Ba4 Bb5 28. Bc2 b6 29. Nd3 Nc4 30. Qc3 Nxa3 31. Qxa3 Qxc2 32. Ne5 f6 33. Nf3
Kh7 34. h4 Qe2 35. Qc1 Qc4 36. Qb1+ Qd3 37. Qc1 Bc4 38. Nd2 a5 39. bxa5 bxa5
40. h5 a4 41. e4 Qxd4 42. Nxc4 Qxc4 43. Qd1 Qxe4 44. f3 Qe3+ 45. Kh2 Qe5+ 46.
Kg1 Qe3+ 47. Kh1 a3 48. g4 d4 49. Qb1+ d3 50. g5 Qxf3+ 51. Kg1 Qg4+ 52. Kf2
Qe2+ 53. Kg1 hxg5 54. Qb5 a2 55. Qa6 Qd1+ 56. Kf2 a1=Q 57. Qxe6 Qg1+ 58. Kf3
Qaf1+ 59. Ke4 Qe2+ 60. Kd5 Qxe6+ 0-1

[Event "Politiken Cup"]
[Site "Copenhagen"]
[Date "2006.07.30"]
[Round "9.37"]
[White "Tofte, Sondre Waage"]
[Black "Dragicevic, Drazen"]
[Result "1/2-1/2"]
[WhiteElo "1950"]
[BlackElo "2200"]
[PlyCount "58"]
[EventDate "2006.??.??"]

1. e4 c5 2. a3 Nc6 3. b4 cxb4 4. axb4 Nxb4 5. d4 d5 6. c3 Nc6 7. exd5 Qxd5 8.
Na3 Bf5 9. Nb5 Rc8 10. Bf4 Qe4+ 11. Ne2 e5 12. f3 Qd5 13. c4 Bb4+ 14. Bd2 Qxc4
15. Nf4 Bxd2+ 16. Qxd2 Qb4 17. dxe5 Qxd2+ 18. Kxd2 Rd8+ 19. Nd6+ Kf8 20. Ke3
Bc8 21. Bb5 Nge7 22. Nxc8 Rxc8 23. Rhd1 g5 24. Nh5 Rg8 25. Rd7 b6 26. Nf6 Rh8
27. g4 Nxe5 28. Rdxa7 N5c6 29. Rb7 Kg7 1/2-1/2

[Event "Politiken Cup"]
[Site "Copenhagen"]
[Date "2006.07.30"]
[Round "9.38"]
[White "Schmied, Andreas"]
[Black "Carstensen, Jacob"]
[Result "1/2-1/2"]
[WhiteElo "2062"]
[BlackElo "2326"]
[PlyCount "44"]
[EventDate "2006.??.??"]

1. e4 c5 2. c3 Nf6 3. e5 Nd5 4. d4 cxd4 5. Nf3 e6 6. cxd4 b6 7. Bd3 Bb7 8. O-O
d6 9. Qe2 Be7 10. Rd1 O-O 11. Qe4 g6 12. Bh6 Re8 13. Qg4 Nb4 14. Nc3 Nxd3 15.
Rxd3 dxe5 16. Nxe5 Nd7 17. Rad1 f5 18. Qg3 Bh4 19. Qh3 Bf6 20. Qg3 Bh4 21. Qh3
Bf6 22. Qg3 Bh4 1/2-1/2

[Event "Politiken Cup"]
[Site "Copenhagen"]
[Date "2006.07.30"]
[Round "9.39"]
[White "Aabling-Thomsen, Jakob"]
[Black "Grassie, Duncan"]
[Result "0-1"]
[WhiteElo "2271"]
[BlackElo "2042"]
[PlyCount "64"]
[EventDate "2006.??.??"]

1. e4 e6 2. d4 d5 3. Nc3 Nf6 4. Bg5 Be7 5. e5 Nfd7 6. h4 Bxg5 7. hxg5 Qxg5 8.
Nf3 Qe7 9. Qd3 g6 10. O-O-O Nc6 11. Qe3 Nb6 12. g4 Bd7 13. Rh6 O-O-O 14. g5 Na5
15. Qf4 Nac4 16. Bxc4 dxc4 17. Nh2 Bc6 18. Ng4 Nd5 19. Nxd5 Rxd5 20. c3 b5 21.
Qf6 Qf8 22. Rdh1 Rd8 23. R1h3 b4 24. Kd2 Qc5 25. Rxh7 bxc3+ 26. bxc3 Rxd4+ 27.
cxd4 Qxd4+ 28. Ke2 Rd8 29. f3 c3 30. Kf1 c2 31. Kg2 c1=Q 32. Rh1 Qxg4+ 0-1

[Event "Politiken Cup"]
[Site "Copenhagen"]
[Date "2006.07.30"]
[Round "9.40"]
[White "Quinn, David"]
[Black "Albrecht, Rainer"]
[Result "0-1"]
[WhiteElo "2035"]
[BlackElo "2256"]
[PlyCount "106"]
[EventDate "2006.??.??"]

1. d4 e6 2. c4 f5 3. g3 Nf6 4. Bg2 Be7 5. Nf3 O-O 6. O-O d6 7. Nc3 Ne4 8. Qc2
Nxc3 9. bxc3 Nc6 10. e4 e5 11. dxe5 dxe5 12. Re1 f4 13. gxf4 exf4 14. Rb1 Rb8
15. h3 Qe8 16. Kh2 a6 17. Qe2 Qf7 18. e5 Be6 19. Nd2 Na5 20. Be4 c6 21. Bf3 b5
22. cxb5 cxb5 23. a4 Nc4 24. axb5 axb5 25. Nb3 Qf5 26. Bg4 Qxb1 27. Bxe6+ Kh8
28. Nd4 Qg6 29. Bd5 Nxe5 30. f3 Qg3+ 31. Kh1 Nd3 32. Rf1 Qxh3+ 33. Kg1 Rf6 34.
Be6 Qg3+ 35. Qg2 Rg6 36. Qxg3 Rxg3+ 37. Kh2 Nxc1 38. Rxc1 Bf6 39. Ne2 Rxf3 40.
Bg4 Rd3 41. Kg2 Be5 42. Kf2 g6 43. Bf3 Kg7 44. Be4 Rd6 45. Ra1 Rd7 46. Ra6 Rc7
47. Bc6 g5 48. Kf3 Rbc8 49. Bxb5 Bxc3 50. Kg4 Bf6 51. Ng1 Rc5 52. Bd7 R8c7 53.
Be6 h5+ 0-1

[Event "Politiken Cup"]
[Site "Copenhagen"]
[Date "2006.07.30"]
[Round "9.41"]
[White "Christensen, Bo Garner"]
[Black "Nielsen, Jens Holm"]
[Result "1-0"]
[WhiteElo "2247"]
[BlackElo "2034"]
[PlyCount "41"]
[EventDate "2006.??.??"]

1. e4 c6 2. c4 e5 3. d4 d6 4. f4 Qf6 5. Nf3 exf4 6. Be2 g5 7. O-O Bg7 8. Nc3 h6
9. e5 dxe5 10. dxe5 Qe7 11. Ne4 Nd7 12. Nd6+ Kf8 13. Nf5 Qc5+ 14. Kh1 Ne7 15.
b4 Qb6 16. Qd6 Qd8 17. g3 g4 18. Bxf4 gxf3 19. Rxf3 Rg8 20. Bxh6 Bxh6 21. Qxh6+
1-0

[Event "Politiken Cup"]
[Site "Copenhagen"]
[Date "2006.07.30"]
[Round "9.42"]
[White "Hansen, Morten Lyck"]
[Black "Dalberg, Preben"]
[Result "1/2-1/2"]
[WhiteElo "2009"]
[BlackElo "2190"]
[PlyCount "60"]
[EventDate "2006.??.??"]

1. e4 e6 2. d4 d5 3. exd5 exd5 4. Bd3 Bd6 5. Ne2 Nc6 6. c3 Nge7 7. O-O Bf5 8.
Bxf5 Nxf5 9. Bf4 Qd7 10. Bxd6 Nxd6 11. Re1 O-O 12. Nf4 Ne7 13. Nd2 Rfe8 14. Nf3
Qf5 15. Nd3 Ng6 16. Nfe5 Nxe5 17. Rxe5 Rxe5 18. Nxe5 f6 19. Nd3 Re8 20. Qd2 Nc4
21. Qd1 Qe4 22. b3 Nd6 23. Qd2 Kf7 24. Rd1 Qf5 25. f3 g5 26. Re1 Rxe1+ 27. Nxe1
h5 28. Nd3 h4 29. h3 Qe6 30. Nf2 Nf5 1/2-1/2

[Event "Politiken Cup"]
[Site "Copenhagen"]
[Date "2006.07.30"]
[Round "9.43"]
[White "Petersen, Peter Birk"]
[Black "Hansen, Jesper"]
[Result "1-0"]
[WhiteElo "2186"]
[BlackElo "2014"]
[PlyCount "75"]
[EventDate "2006.??.??"]

1. e4 c5 2. Nf3 Nc6 3. Nc3 e5 4. Bc4 Be7 5. Nd5 d6 6. c3 Nf6 7. d3 O-O 8. Nxe7+
Qxe7 9. Bg5 Be6 10. Nd2 Bxc4 11. Nxc4 Qe6 12. Ne3 Ne7 13. Qf3 Ne8 14. Bxe7 Qxe7
15. h4 Qf6 16. Qe2 Nc7 17. Rh3 Ne6 18. Nd5 Qd8 19. Qg4 b5 20. Rg3 Kh8 21. O-O-O
c4 22. Kb1 a5 23. f4 Rg8 24. fxe5 dxe5 25. Qf5 Qd6 26. dxc4 bxc4 27. Ne3 Qc7
28. Rd5 Rab8 29. Qxe5 Qb6 30. Rd2 Rgd8 31. Nxc4 Qg1+ 32. Kc2 Rxd2+ 33. Nxd2 Rd8
34. Rd3 Rc8 35. Qf5 h6 36. Nf3 Qxg2+ 37. Rd2 Qf1 38. Ne5 1-0

[Event "Politiken Cup"]
[Site "Copenhagen"]
[Date "2006.07.30"]
[Round "9.44"]
[White "Hvenekilde, Jorgen"]
[Black "Nguyen, Michael"]
[Result "1-0"]
[WhiteElo "2181"]
[BlackElo "2009"]
[PlyCount "97"]
[EventDate "2006.??.??"]

1. d4 Nf6 2. c4 e6 3. Nc3 Bb4 4. e3 b6 5. Nge2 Bb7 6. a3 Bxc3+ 7. Nxc3 O-O 8.
d5 Qe7 9. Be2 d6 10. O-O Nbd7 11. Re1 a5 12. e4 Nc5 13. Bf1 Rfe8 14. Bg5 h6 15.
Bh4 g5 16. Bg3 e5 17. b3 Nh7 18. Rb1 Nf8 19. b4 axb4 20. axb4 Ncd7 21. f3 Nf6
22. Bf2 N8d7 23. g3 Reb8 24. Bh3 Bc8 25. Qd2 Ba6 26. Bf1 Bc8 27. Ra1 Bb7 28.
Nb5 Qd8 29. Na7 Kg7 30. Ra3 Qf8 31. Qb2 Kg8 32. Bd3 Re8 33. Rea1 Nh5 34. Nb5
Rxa3 35. Rxa3 c6 36. Ra7 Rb8 37. Rxb7 Rxb7 38. dxc6 Rb8 39. cxd7 Qe7 40. Bf1
Qxd7 41. Qd2 Ng7 42. Qxd6 Qxd6 43. Nxd6 Ne6 44. Nf5 Kh7 45. Ne7 Nd8 46. Nd5 b5
47. cxb5 Nb7 48. Bc5 Kg6 49. b6 1-0

[Event "Politiken Cup"]
[Site "Copenhagen"]
[Date "2006.07.30"]
[Round "9.45"]
[White "Kafka, Graeme"]
[Black "Thomassen, Joachim"]
[Result "1-0"]
[WhiteElo "2134"]
[BlackElo "2006"]
[PlyCount "67"]
[EventDate "2006.??.??"]

1. e4 c5 2. Nc3 Nc6 3. Bb5 Nd4 4. Bc4 e6 5. Nf3 Ne7 6. Nxd4 cxd4 7. Ne2 Nc6 8.
d3 b5 9. Bb3 Be7 10. O-O O-O 11. Bd2 d6 12. f4 Bf6 13. Qe1 g6 14. f5 Bg7 15.
Qg3 Kh8 16. fxe6 Bxe6 17. Bg5 Qd7 18. Bf6 Bxf6 19. Rxf6 Kg7 20. Raf1 d5 21. Qf2
Kg8 22. Nxd4 Nxd4 23. Qxd4 Rad8 24. exd5 Bxd5 25. Bxd5 Qxd5 26. Qxd5 Rxd5 27.
Rc6 Rd7 28. Re1 Rfd8 29. Re5 Rd5 30. Rxd5 Rxd5 31. Ra6 Rd7 32. Kf2 Rc7 33. c3
b4 34. c4 1-0

[Event "Politiken Cup"]
[Site "Copenhagen"]
[Date "2006.07.30"]
[Round "9.47"]
[White "Roder, Peter"]
[Black "Akdag, Dara"]
[Result "0-1"]
[WhiteElo "2131"]
[BlackElo "1958"]
[PlyCount "80"]
[EventDate "2006.??.??"]

1. d4 Nf6 2. c4 e6 3. Nc3 c5 4. d5 exd5 5. cxd5 d6 6. e4 g6 7. f4 Bg7 8. Bb5+
Nfd7 9. a4 O-O 10. Nf3 a6 11. Bd3 Qc7 12. O-O c4 13. Bc2 Nc5 14. e5 Bg4 15. h3
Bxf3 16. Qxf3 dxe5 17. f5 Nbd7 18. Bg5 Qb6 19. a5 Qd6 20. f6 Bh8 21. h4 Nb3 22.
Bxb3 cxb3 23. h5 Rfe8 24. hxg6 hxg6 25. Ra4 e4 26. Nxe4 Qxd5 27. Rd1 Qc6 28.
Rad4 Nf8 29. Qd3 Ne6 30. Rd6 Qc8 31. Qd5 Nc7 32. Qd3 Qf5 33. Rd7 Rxe4 34. Rf1
Qc5+ 35. Kh1 Rae8 36. Rxf7 Qxg5 37. Rxc7 Bxf6 38. Qxb3+ R4e6 39. Rxb7 Qh5+ 40.
Qh3 Re1 0-1

[Event "Politiken Cup"]
[Site "Copenhagen"]
[Date "2006.07.30"]
[Round "9.48"]
[White "Lilja, Richard"]
[Black "Pettersen, Joar Gullestad"]
[Result "1-0"]
[WhiteElo "2129"]
[BlackElo "1956"]
[PlyCount "39"]
[EventDate "2006.??.??"]

1. e4 e5 2. Nf3 Nc6 3. Nc3 Nf6 4. d4 exd4 5. Nxd4 Bb4 6. Nxc6 bxc6 7. Bd3 d5 8.
exd5 cxd5 9. O-O O-O 10. Bg5 Be7 11. Nb5 Ba6 12. Re1 Qd7 13. Nd4 Bxd3 14. Qxd3
Rae8 15. Nf5 Bd8 16. Ne3 c6 17. Rad1 h6 18. Bh4 Re4 19. Bxf6 Bxf6 20. Qxe4 1-0

[Event "Politiken Cup"]
[Site "Copenhagen"]
[Date "2006.07.30"]
[Round "9.49"]
[White "Penalver, Osmani"]
[Black "Wilsbeck, Jan B"]
[Result "1-0"]
[WhiteElo "2126"]
[BlackElo "1944"]
[PlyCount "51"]
[EventDate "2006.??.??"]

1. d4 Nf6 2. c4 c5 3. d5 b5 4. a4 b4 5. Nd2 d6 6. e4 g6 7. f4 Bg7 8. Bd3 O-O 9.
Ne2 Bg4 10. O-O Nbd7 11. h3 Bxe2 12. Qxe2 Nh5 13. Qf3 e5 14. f5 Nf4 15. Bc2 h5
16. Kh2 h4 17. Qg4 g5 18. f6 Bxf6 19. Nf3 Kh8 20. Qf5 Rg8 21. Nxh4 gxh4 22.
Bxf4 exf4 23. e5 Rxg2+ 24. Kxg2 Qg8+ 25. Kh1 Bxe5 26. Qh5+ 1-0

[Event "Politiken Cup"]
[Site "Copenhagen"]
[Date "2006.07.30"]
[Round "9.50"]
[White "Nielsen, Borge Hjerrild"]
[Black "Robertson, David"]
[Result "1-0"]
[WhiteElo "2119"]
[BlackElo "1927"]
[PlyCount "41"]
[EventDate "2006.??.??"]

1. d4 d5 2. c4 c6 3. cxd5 cxd5 4. Nc3 Nc6 5. Nf3 Nf6 6. Bf4 e6 7. e3 a6 8. Bd3
g6 9. O-O Bg7 10. Ne5 O-O 11. Nxc6 bxc6 12. Be5 Nd7 13. Bxg7 Kxg7 14. Na4 e5
15. dxe5 Nxe5 16. Rc1 Qf6 17. b3 Bf5 18. Bxf5 Qxf5 19. Qd4 Kg8 20. f4 Nd3 21.
Rc3 1-0

[Event "Politiken Cup"]
[Site "Copenhagen"]
[Date "2006.07.30"]
[Round "9.52"]
[White "Hyldkrog, Lars"]
[Black "Andersen, Mads"]
[Result "0-1"]
[WhiteElo "2074"]
[BlackElo "1794"]
[PlyCount "74"]
[EventDate "2006.??.??"]

1. e4 c5 2. Nf3 d6 3. d4 cxd4 4. Nxd4 Nf6 5. Nc3 a6 6. Bg5 e6 7. f4 Qc7 8. Qf3
b5 9. Bxf6 gxf6 10. Bd3 Bb7 11. O-O-O Nd7 12. a3 O-O-O 13. Rhe1 Nc5 14. f5 e5
15. Nde2 Bc6 16. Ng3 Qb7 17. Qe2 Kc7 18. b4 Nd7 19. Kb2 Rb8 20. Nf1 Nb6 21. Ne3
Rd8 22. g3 Kb8 23. Ng4 Bg7 24. Rd2 h5 25. Ne3 Bh6 26. Rdd1 Bxe3 27. Qxe3 d5 28.
exd5 Bxd5 29. Nxd5 Rxd5 30. Qf3 Qc7 31. Bf1 Rxd1 32. Rxd1 Rc8 33. Qd3 Nc4+ 34.
Kb3 e4 35. Qd4 Na5+ 36. bxa5 Qxc2+ 37. Kb4 Qa4# 0-1

[Event "Politiken Cup"]
[Site "Copenhagen"]
[Date "2006.07.30"]
[Round "9.53"]
[White "Agustsson, Hafsteinn"]
[Black "Rhee, Alexander"]
[Result "0-1"]
[WhiteElo "1945"]
[BlackElo "2072"]
[PlyCount "48"]
[EventDate "2006.??.??"]

1. e4 c5 2. Nf3 d6 3. d4 cxd4 4. Nxd4 Nf6 5. Nc3 a6 6. Bg5 e6 7. Qd2 Qc7 8. Be2
Nbd7 9. f4 Be7 10. g4 b5 11. Bxf6 Nxf6 12. g5 Nd7 13. f5 Ne5 14. fxe6 fxe6 15.
Nd1 O-O 16. Nf2 Qb7 17. Rf1 Nc4 18. Bxc4 bxc4 19. c3 Rb8 20. Rb1 e5 21. Ne2 Be6
22. h4 Rf3 23. Qc2 Rbf8 24. Ng1 R3f4 0-1

[Event "Politiken Cup"]
[Site "Copenhagen"]
[Date "2006.07.30"]
[Round "9.54"]
[White "Petersen, Soren Boeck"]
[Black "Stangeland, Karle"]
[Result "1-0"]
[WhiteElo "2244"]
[BlackElo "1886"]
[PlyCount "79"]
[EventDate "2006.??.??"]

1. e4 c5 2. c3 g6 3. d4 cxd4 4. cxd4 d5 5. e5 Bg7 6. Nc3 Nc6 7. Bb5 f6 8. exf6
exf6 9. Nge2 Be6 10. Nf4 Bf7 11. Qe2+ Nge7 12. Ne6 Bxe6 13. Qxe6 Qd7 14. Bxc6
Qxc6 15. Qe2 O-O 16. O-O Rfe8 17. Bf4 a6 18. Rac1 Qd7 19. Qc2 Nc6 20. Rfd1 Rad8
21. Qb3 g5 22. Be3 b5 23. Nxd5 Kh8 24. Nb6 Qb7 25. d5 Ne5 26. Na4 Bf8 27. Nc5
Bxc5 28. Bxc5 Kg7 29. h3 Rd7 30. d6 Ng6 31. Be3 Red8 32. Qe6 Nh4 33. f3 Ng6 34.
Bd4 Rf8 35. Rc5 h6 36. Rdc1 Nf4 37. Qe3 Rff7 38. Rc6 Ng6 39. g3 Qb8 40. Rb6 1-0

[Event "Politiken Cup"]
[Site "Copenhagen"]
[Date "2006.07.30"]
[Round "9.56"]
[White "Pedersen, Bent O"]
[Black "Ostergaard, Rasmus"]
[Result "0-1"]
[WhiteElo "2027"]
[BlackElo "2173"]
[PlyCount "78"]
[EventDate "2006.??.??"]

1. e4 e5 2. Nf3 Nc6 3. Bb5 a6 4. Ba4 Nf6 5. O-O Be7 6. Re1 b5 7. Bb3 d6 8. c3
O-O 9. h3 Nb8 10. d4 Nbd7 11. Nbd2 Bb7 12. Bc2 Re8 13. Nf1 Bf8 14. Ng3 g6 15.
Bg5 h6 16. Bd2 Bg7 17. a4 c5 18. axb5 axb5 19. Rxa8 Qxa8 20. Qa1 Rc8 21. dxe5
dxe5 22. Qc1 Kh7 23. h4 h5 24. Ng5+ Kg8 25. f4 exf4 26. Bxf4 Ng4 27. Bd6 Nde5
28. Qf4 Rc6 29. Rd1 Qe8 30. Nf5 gxf5 31. exf5 f6 32. Ne6 Bh6 33. Qg3 c4 34.
Bxe5 Rxe6 35. fxe6 fxe5 36. Bf5 Be3+ 37. Kh1 Bf2 38. Qh3 Ne3 39. Bh7+ Kh8 0-1

[Event "Politiken Cup"]
[Site "Copenhagen"]
[Date "2006.07.30"]
[Round "9.57"]
[White "Nielsen, Morten"]
[Black "Henrichsen, Jens"]
[Result "1/2-1/2"]
[WhiteElo "2019"]
[BlackElo "2106"]
[PlyCount "89"]
[EventDate "2006.??.??"]

1. e4 c5 2. f4 d5 3. exd5 Nf6 4. Bb5+ Bd7 5. Bxd7+ Qxd7 6. c4 e6 7. Qe2 Bd6 8.
f5 O-O 9. fxe6 fxe6 10. dxe6 Qe7 11. Nf3 Re8 12. O-O Qxe6 13. Qxe6+ Rxe6 14.
Nc3 Nc6 15. Ng5 Re7 16. d3 Nb4 17. Rd1 Rd8 18. Nge4 Be5 19. Bg5 Red7 20. a3
Nxd3 21. Bxf6 gxf6 22. Nd5 Bd4+ 23. Kf1 Nxb2 24. Ndxf6+ Kg7 25. Nxd7 Nxd1 26.
Rxd1 Rxd7 27. Ke2 Re7 28. Kf3 Re6 29. Rb1 b6 30. a4 Re7 31. Rb3 Be5 32. h3 Rf7+
33. Ke2 Re7 34. Kd3 Rd7+ 35. Kc2 Rd4 36. Nd2 h5 37. Rd3 Kg6 38. Rxd4 Bxd4 39.
Nb1 Kf5 40. Na3 a6 41. Kd2 h4 42. Nc2 a5 43. Ne1 Ke4 44. Ke2 Bc3 45. Nf3
1/2-1/2

[Event "Politiken Cup"]
[Site "Copenhagen"]
[Date "2006.07.30"]
[Round "9.60"]
[White "Fogh, Jens Olaf Svanholm"]
[Black "Frisk, Ellinor"]
[Result "0-1"]
[WhiteElo "2093"]
[BlackElo "1998"]
[PlyCount "130"]
[EventDate "2006.??.??"]

1. d4 d5 2. Nf3 Nf6 3. e3 Bf5 4. Bd3 Bxd3 5. Qxd3 c6 6. c4 dxc4 7. Qxc4 e6 8.
Nc3 Be7 9. O-O O-O 10. e4 Nbd7 11. Bf4 Rc8 12. Rad1 Qa5 13. a3 a6 14. Ng5 Qd8
15. Nh3 h6 16. Qe2 Re8 17. Rd3 Nf8 18. Rg3 Ng6 19. Be3 c5 20. Rd1 Qc7 21. e5
Nd5 22. Nxd5 exd5 23. Nf4 cxd4 24. Rxd4 Qxe5 25. Nxg6 fxg6 26. Qd2 Rcd8 27. Bf4
Qf5 28. h3 Bf6 29. Rdd3 Kh7 30. b3 Re4 31. Rgf3 Qe6 32. a4 Be7 33. Rd4 Rd7 34.
Rfd3 Rxd4 35. Rxd4 Bc5 36. Rd3 Qe4 37. Bg3 Bb6 38. b4 d4 39. a5 Bd8 40. f3 Qd5
41. Bf2 Bf6 42. Qd1 Qc4 43. Qb1 Rd5 44. Be1 Be7 45. Kh1 Bd6 46. Kg1 Bb8 47. Bf2
Ba7 48. Kh1 Rb5 49. Be1 b6 50. Qd1 bxa5 51. bxa5 Rb2 52. Kg1 Qa2 53. Rd2 d3+
54. Kf1 Rxd2 55. Qxd2 Qc4 56. Bf2 Bb8 57. Be1 Bd6 58. Kf2 Bc5+ 59. Kf1 Qb5 60.
h4 h5 61. g3 Qc4 62. Kg2 Kg8 63. Qg5 Qd4 64. f4 Qg1+ 65. Kf3 Qh1# 0-1

[Event "Politiken Cup"]
[Site "Copenhagen"]
[Date "2006.07.30"]
[Round "9.61"]
[White "Larsen, Andreas"]
[Black "Olsson, Tomas"]
[Result "0-1"]
[WhiteElo "1975"]
[BlackElo "2084"]
[PlyCount "94"]
[EventDate "2006.??.??"]

1. e4 e5 2. Nf3 Nc6 3. Bc4 Nf6 4. O-O Nxe4 5. Re1 d5 6. Bb5 Bd7 7. d3 Nc5 8.
Bxc6 bxc6 9. Nxe5 Be7 10. Bg5 Ne6 11. Bxe7 Qxe7 12. Nd2 O-O 13. Nf1 f6 14. Nxd7
Qxd7 15. Ng3 f5 16. f3 f4 17. Nh1 Nd4 18. Qd2 Qd6 19. c3 Nf5 20. Nf2 Ne3 21.
Nd1 Nf5 22. a4 Rf6 23. a5 Rg6 24. Re2 d4 25. Ra4 c5 26. b4 Nh4 27. Qa2+ Kf8 28.
bxc5 Qd7 29. Kh1 Nf5 30. Nf2 Re8 31. Ne4 dxc3 32. Qc4 Ne3 33. Nd6 Rf6 34. c6
Qxd6 35. Qxc3 Rb8 36. h3 Nd5 37. Qd4 Qxc6 38. Rc4 Qd6 39. Qxa7 Rd8 40. Rec2 Rf7
41. Rc6 Qe7 42. a6 Qe1+ 43. Kh2 Qg3+ 44. Kg1 Re8 45. Re6 Rxe6 46. Qb8+ Re8 47.
a7 Rfe7 0-1

[Event "Politiken Cup"]
[Site "Copenhagen"]
[Date "2006.07.30"]
[Round "9.62"]
[White "Urkedal, Frode"]
[Black "Helin, Mikael"]
[Result "0-1"]
[WhiteElo "2070"]
[BlackElo "1964"]
[PlyCount "124"]
[EventDate "2006.??.??"]

1. d4 g6 2. e4 d6 3. Nf3 Bg7 4. Nc3 a6 5. Be3 e6 6. Bd3 Ne7 7. Qd2 h6 8. O-O
Nd7 9. Ne2 b6 10. c3 Bb7 11. Ne1 Nf6 12. Qc2 Ng4 13. Bd2 f5 14. f4 Nf6 15. Ng3
d5 16. exf5 gxf5 17. Nf3 Ne4 18. Ne5 c5 19. Bxe4 dxe4 20. dxc5 Bxe5 21. fxe5
Qc7 22. cxb6 Qc5+ 23. Kh1 h5 24. Qa4+ Nc6 25. Rae1 h4 26. Be3 Qb5 27. Qxb5 axb5
28. Ne2 h3 29. a3 Nxe5 30. Nd4 hxg2+ 31. Kxg2 O-O-O 32. Nxe6 Rdg8+ 33. Kh1 Nf3
34. Re2 Rg4 35. c4 bxc4 36. Rc2 Bd5 37. Nc7 Bc6 38. Ne6 Rgh4 39. Rff2 Kb7 40.
Nf4 Ba4 41. Ng6 Rg4 42. Rg2 Rxg6 43. Rxc4 Rxg2 44. Rc7+ Kb8 45. Kxg2 Ne1+ 46.
Kg3 Rg8+ 47. Kf4 Ng2+ 48. Kxf5 Nxe3+ 49. Kxe4 Re8+ 50. Kd4 Nf5+ 51. Kc3 Ne7 52.
Kd4 Bc6 53. Kc5 Bb7 54. a4 Nf5 55. Rh7 Rc8+ 56. Kb4 Ne3 57. a5 Be4 58. Rg7 Rc4+
59. Kb5 Bd3 60. Ra7 Nf5 61. b4 Nd6+ 62. Ka4 Bc2+ 0-1

[Event "Politiken Cup"]
[Site "Copenhagen"]
[Date "2006.07.30"]
[Round "9.63"]
[White "Eddy, Samuel"]
[Black "Moller, Arne"]
[Result "1/2-1/2"]
[WhiteElo "2069"]
[BlackElo "1901"]
[PlyCount "85"]
[EventDate "2006.??.??"]

1. e4 c5 2. Nf3 d6 3. d4 cxd4 4. Qxd4 Nc6 5. Bb5 Bd7 6. Bxc6 Bxc6 7. Nc3 Nf6 8.
Bg5 Qa5 9. O-O-O h6 10. Bxf6 gxf6 11. Nd2 h5 12. Kb1 Qc5 13. Qxc5 dxc5 14. Nb3
b6 15. Nd5 O-O-O 16. c4 Rg8 17. g3 f5 18. f3 fxe4 19. fxe4 Rg4 20. Nd2 Bxd5 21.
exd5 h4 22. gxh4 Rxh4 23. b3 b5 24. Nf3 Rf4 25. Ne5 bxc4 26. bxc4 Rd6 27. Rhf1
Rb6+ 28. Kc2 Rh4 29. Rxf7 Rxh2+ 30. Kd3 Rf6 31. Rf1 Rh3+ 32. Kc2 Rh2+ 33. Kb3
Rb6+ 34. Kc3 Rh3+ 35. Nd3 Bh6 36. R1f3 Bg7+ 37. Kc2 Rh2+ 38. Rf2 Rxf2+ 39. Rxf2
Bd4 40. Re2 Kd7 41. Ne5+ Bxe5 42. Rxe5 a5 43. Kc3 1/2-1/2